Теория вероятностей и математическая статистика: учебное пособие

Dettagli Bibliografici
Autore principale: Гмурман В. Е. Владимир Ефимович
Lingua:russo
Pubblicazione: Москва, Высшая школа, 1999
Edizione:7-е изд., стер.
Soggetti:
Natura: Libro
KOHA link:https://koha.lib.tpu.ru/cgi-bin/koha/opac-detail.pl?biblionumber=12766

MARC

LEADER 00000nam0a2200000 4500
001 12766
005 20231101204840.0
010 |a 506003464X 
035 |a (RuTPU)RU\TPU\book\12845 
035 |a BOOK00012911 
090 |a 12766 
100 |a 20011209d1999 m y0rusy50 ca 
101 0 |a rus 
102 |a RU 
105 |a a j 000zy 
200 1 |a Теория вероятностей и математическая статистика  |e учебное пособие  |f В. Е. Гмурман 
205 |a 7-е изд., стер. 
210 |a Москва  |c Высшая школа  |d 1999 
215 |a 479 с.  |c ил. 
451 1 |0 (RuTPU)RU\TPU\book\14086  |y 5-06-003464-X  |t Теория вероятностей и математическая статистика  |o учебное пособие  |f В. Е. Гмурман  |e 7-е изд., стереотип.  |c Москва  |n Высшая школа  |d 2000  |p 479 с.  |a Гмурман, Владимир Ефимович 
451 1 |0 (RuTPU)RU\TPU\book\6155  |y 506003464-X  |t Теория вероятностей и математическая статистика  |o учебное пособие  |f В. Е. Гмурман  |e 6-е изд., стереотип.  |c Москва  |n Высшая школа  |d 1997  |p 479 с.  |a Гмурман, Владимир Ефимович 
606 |a Вероятностей теория и математическая статистика  |2 stltpush  |3 (RuTPU)RU\TPU\subj\2260  |9 30847 
610 1 |a теория вероятностей 
610 1 |a математическая статистика 
610 1 |a учебные пособия 
675 |a 519.2(075.8)  |v 3 
700 1 |a Гмурман  |b В. Е.  |g Владимир Ефимович 
801 0 |a RU  |b 63413507  |c 20011209  |g PSBO 
801 2 |a RU  |b 63413507  |c 20200614  |g PSBO 
900 |a Прикладная математика 
900 |a Теория вероятности и математическая статистика 
942 |c BK